Výskum zmien úžitkových vlastností tovarov v oblasti obehu priebežná správa k riešeniu čiastkovej výskumnej úlohy ŠPEV 901-332-413/17

Saved in:
Bibliographic Details
Format: Book
Language:Slovak
Published: Bratislava Vysoká škola ekonomická 1984
Tags: Add Tag
No Tags, Be the first to tag this record!

MARC

LEADER 00000nam a2200000 4500
001 c116941
005 20250703113434.9
041 0 |a slo 
044 |a SK 
245 1 0 |a Výskum zmien úžitkových vlastností tovarov v oblasti obehu  |b priebežná správa k riešeniu čiastkovej výskumnej úlohy ŠPEV 901-332-413/17 
264 1 |a Bratislava  |b Vysoká škola ekonomická  |c 1984 
300 |a 22 s.